[Event "V New Open Lugano"]
[Site "Lugano SUI"]
[Date "2011.04.22"]
[Round "1.12"]
[White "Conta,D"]
[Black "Salvetti,A"]
[Result "0-1"]
[WhiteElo "1688"]
[BlackElo "2262"]

1.d4 d5 2.c4 dxc4 3.e4 c5 4.d5 Nf6 5.Nc3 b5 6.Nxb5 Qa5+ 7.Nc3 Nxe4 8.Qa4+ Qxa4
9.Nxa4 Bd7 10.f3 Bxa4 11.fxe4 g6 12.Bxc4 Bg7 13.Rb1 Bc2 14.Ra1 Bxe4 15.Nf3 Nd7
16.O-O Bxf3 17.Rxf3 O-O 18.Bb5 Nb6 19.Bc6 Rad8 20.Rd3 c4 21.Rd1 e6 22.d6 Nc8
23.d7 Ne7 24.Ba4 Nd5 25.Rb1 c3 26.Rxd5 exd5 27.bxc3 Bxc3 28.Ba3 Rb8 29.Rb3 Bd4+
30.Kf1 Bb6 31.Bxf8 Kxf8 32.Rb2 Ke7 33.Re2+ Kd6 34.Re8 Bd8 35.Re2 Rb4 36.Bb3 f5
37.Rd2 Rf4+ 38.Ke2 Kxd7 39.Rxd5+ Ke7 40.g3 Re4+ 41.Kf3 Bb6 42.Rd3 h5 43.Bd5 Re1
44.Bb3 Rf1+ 45.Kg2 Rf2+ 46.Kh1 Kf6 47.h4 Ke5 48.Rd5+ Ke4 49.Rd6 Kf3 50.Rxg6 Rf1+
51.Kh2 Bg1+ 52.Kh3 Rf2 53.Bd5+ Ke3 54.Bg2 Rxa2 55.Rg5 f4 56.Re5+ Kd2 57.Rxh5 Ra3
58.Kg4 Rxg3+ 59.Kxf4 Rxg2 60.Rd5+ Kc3 61.h5 Bd4 62.Ra5 Kb4 63.Rd5 Bc3 64.Rd7 a5
65.Rb7+ Kc4 66.h6 Rh2 67.h7 a4  0-1

[Event "Schackstudion GM"]
[Site "Lund SWE"]
[Date "2011.04.22"]
[Round "9"]
[White "Tikkanen,H"]
[Black "Semcesen,D"]
[Result "1/2-1/2"]
[WhiteElo "2541"]
[BlackElo "2449"]

1.d4 d5 2.c4 dxc4 3.e4 Nf6 4.e5 Nd5 5.Bxc4 Nb6 6.Bb3 Nc6 7.Be3 Bf5 8.Nf3 e6
9.O-O Qd7 10.Nc3 O-O-O 11.a3 Be7 12.Bc2 Bg4 13.Rc1 f5 14.exf6 gxf6 15.Be4 Rhg8
16.Qe1 Nd5 17.b4 Bd6 18.Nh4 Nce7 19.f4 Nxc3 20.Rxc3 f5 21.Bc2 Nd5 22.Rd3 Be7
23.Nf3 Bxf3 24.Rxf3 Bf6 25.Bf2 Qc6 26.Bb3 Rg6 27.b5 Qd6 28.Qc1 Kb8 29.g3 Rg7
30.Qc5 Rgd7 31.Rd1 Qb6 32.Re1 Rd6 33.Bxd5 exd5 34.Qb4 Re6 35.Rxe6 Qxe6 36.Re3 Qd6
37.Qxd6 Rxd6 38.Re8+ Rd8 39.Re6 Rf8 40.Kg2 Kc8 41.Kf3 Kd7 42.Re2 h5 43.h3 Rg8
44.Re1 Rg6 45.a4 Bg7 46.Rg1 c6 47.g4 cxb5 48.axb5 hxg4+ 49.hxg4 fxg4+ 50.Rxg4 Rxg4
51.Kxg4 Ke6 52.Kg5 Kf7 53.Kf5 Bf6 54.Be3 Bg7 55.Bf2 Bf6 56.Be3 Bh8 57.Bf2 Bg7
58.Be3 a6 59.bxa6 bxa6 60.Bf2 Bf6 61.Be3 Bh8 62.Bf2 Bg7 63.Be3 a5 64.Bd2 a4
65.Bc3 a3 66.Bb4 a2 67.Bc3 Bf6 68.Ba1 Bg7 69.Bc3 Bh8 70.Bb2 Bf6 71.Ba1 Bh8
72.Bb2 Bf6 73.Ba1 Bh8  1/2-1/2

[Event "12th TCh-RUS Women"]
[Site "Olginka RUS"]
[Date "2011.04.23"]
[Round "7"]
[White "Ovod,E"]
[Black "Tomilova,E"]
[Result "1-0"]
[WhiteElo "2405"]
[BlackElo "2315"]

1.d4 d5 2.c4 dxc4 3.e4 Nc6 4.Nf3 Bg4 5.d5 Ne5 6.Bf4 Ng6 7.Be3 Nf6 8.Nc3 e5
9.Bxc4 a6 10.Be2 Bd6 11.O-O O-O 12.Nd2 Bd7 13.a3 Nf4 14.Bf3 Qe7 15.Nc4 b5
16.Nxd6 cxd6 17.Kh1 a5 18.b4 Rfc8 19.Qd2 Rc4 20.g3 Rac8 21.gxf4 Rxc3 22.fxe5 Ng4
23.e6 Ne5 24.exd7 Nxf3 25.dxc8=Q+ Rxc8 26.Rac1 Re8 27.Bg5 Nxg5 28.f3 axb4
29.axb4 h6 30.Qf4 Qa7 31.Qxd6 Qe3 32.Qc5 Qf4 33.Qxb5 Rb8 34.Qc5 Ra8 35.Qc7 Qd2
36.Qc3 Qe2 37.Rce1 Qb5 38.Qc6 Qb8 39.f4 Ra2 40.d6 Qxb4 41.fxg5 Qd2 42.Qc8+ Kh7
43.Qh3  1-0

[Event "57th ch-WLS"]
[Site "Cardiff WLS"]
[Date "2011.04.24"]
[Round "5.9"]
[White "Fathallah,J"]
[Black "Young,Al"]
[Result "1/2-1/2"]
[WhiteElo "1906"]
[BlackElo "2024"]

1.d4 d5 2.c4 dxc4 3.e4 Nc6 4.Nf3 Bg4 5.Bxc4 Bxf3 6.Qxf3 e6 7.d5 Ne5 8.Bb5+ c6
9.Qc3 cxb5 10.Qxe5 Qd6 11.Qxd6 Bxd6 12.dxe6 fxe6 13.Nc3 a6 14.Be3 Ne7 15.O-O Rc8
16.Rfd1 Bb8 17.Rac1 Ng6 18.Ne2 Rxc1 19.Rxc1 O-O 20.Nd4 Nf4 21.Rd1 Rd8 22.Rd2 Rc8
23.Rc2 Rc4 24.Rxc4 bxc4 25.Bxf4 Bxf4 26.Nxe6 Be5 27.Kf1 Bxb2 28.Ke2 a5 29.Kd2 b5
30.Kc2 Be5 31.f4 Kf7 32.Ng5+ Kg6 33.g3 Bb8  1/2-1/2

[Event "ch-RUS Rapid"]
[Site "Olginka RUS"]
[Date "2011.04.25"]
[Round "2"]
[White "Maletin,P"]
[Black "Rublevsky,S"]
[Result "1-0"]
[WhiteElo "2584"]
[BlackElo "2678"]

1.d4 d5 2.c4 dxc4 3.e4 e5 4.Nf3 exd4 5.Bxc4 Bb4+ 6.Nbd2 Nc6 7.O-O Nf6 8.e5 Nd5
9.Nb3 Nb6 10.Bb5 Bd7 11.Bg5 Be7 12.Bxe7 Qxe7 13.Bxc6 Bxc6 14.Nbxd4 Bd7 15.Qc2 O-O-O
16.Rac1 c6 17.Rfe1 Kb8 18.Qe4 h6 19.e6 fxe6 20.Ne5 Be8 21.Nef3 Bd7 22.Qe5+ Ka8
23.Nf5 Qf7 24.Nd6 Qf8 25.Nd2 Be8 26.N2e4 Bg6 27.Nxb7 Rd5 28.Qxe6 Qe8 29.Nbc5 Re5
30.Qg4 Bxe4 31.Rxe4 Rxe4 32.Nxe4 g5 33.f3 Rf8 34.Qg3 Rf4 35.h3 Qe5 36.Qf2 Qd5
37.Qc2 Kb7 38.Rd1 Qg8 39.Rd6 Qe8 40.Rxh6 Kc7 41.Qc5 Rf7 42.Qd6+ Kb7 43.Qg3 Nc8
44.Qxg5 Re7 45.Rg6 Re5 46.Rg7+ Ka8 47.Qg6  1-0

[Event "ch-RUS Rapid"]
[Site "Olginka RUS"]
[Date "2011.04.25"]
[Round "6"]
[White "Khismatullin,D"]
[Black "Vorobiov,E"]
[Result "1/2-1/2"]
[WhiteElo "2662"]
[BlackElo "2558"]

1.d4 d5 2.c4 dxc4 3.e4 Nc6 4.Nf3 Bg4 5.d5 Ne5 6.Nc3 Nf6 7.Bf4 Ng6 8.Bg3 e5
9.dxe6 Bxe6 10.Nd4 Bd6 11.Nxe6 fxe6 12.Bxc4 Bxg3 13.hxg3 Qxd1+ 14.Rxd1 Ke7
15.f4 c6 16.e5 Nd5 17.Nxd5+ exd5 18.Bd3 Nf8 19.Kf2 h6 20.f5 Nh7 21.g4 Ng5
22.Kg3 Rhf8 23.Rde1 Kf7 24.Rh5 Rae8 25.Kf4 c5 26.b3 a6 27.a4 b5 28.Rxg5 hxg5+
29.Kxg5 bxa4 30.bxa4 c4 31.e6+ Ke7 32.Be2 Rc8 33.Rc1 Rh8 34.Kg6 Rh6+ 35.Kxg7 Rch8
36.g5 R8h7+  1/2-1/2

[Event "Luebeck GM"]
[Site "Luebeck GER"]
[Date "2011.04.27"]
[Round "3"]
[White "Janz,F"]
[Black "Hoi,C"]
[Result "1/2-1/2"]
[WhiteElo "2337"]
[BlackElo "2413"]

1.d4 d5 2.c4 dxc4 3.e4 Nc6 4.Be3 Nf6 5.f3 e5 6.d5 Nd4 7.Bxd4 exd4 8.Qxd4 Bd6
9.Bxc4 Qe7 10.Nc3 O-O 11.Nge2 a6 12.Qd2 b5 13.Bb3 Bd7 14.O-O b4 15.Na4 h5
16.g3 h4 17.Rac1 Bb5 18.Nf4 Bxf1 19.Kxf1 Nd7 20.Kg2 Qg5 21.Rc2 Rfe8 22.Ne2 Qf6
23.Nd4 g6 24.Rc1 Kg7 25.Bc2 hxg3 26.hxg3 Be5 27.Rd1  1/2-1/2

[Event "43rd TCh-ITA 2011"]
[Site "Spoleto ITA"]
[Date "2011.04.30"]
[Round "6"]
[White "Caruana,F"]
[Black "Godena,M"]
[Result "1-0"]
[WhiteElo "2716"]
[BlackElo "2526"]

1.d4 d5 2.c4 dxc4 3.e4 Nc6 4.Nf3 Bg4 5.d5 Ne5 6.Bf4 Ng6 7.Be3 Nf6 8.Nc3 e5
9.Bxc4 Nh4 10.Rg1 Ng6 11.Bb5+ Nd7 12.h3 Bxf3 13.Qxf3 a6 14.Bxd7+ Qxd7 15.Qg4 Bb4
16.Rc1 Qb5 17.Qe2 Nf4 18.Bxf4 exf4 19.a3 Bxc3+ 20.Rxc3 Qb6 21.g3 f3 22.Rxf3 O-O
23.Kf1 Rae8 24.g4 c6 25.dxc6 Qxc6 26.Re3 Re5 27.Kg2 f5 28.gxf5 Rexf5 29.Rf1 Rg5+
30.Kh1 Rc5 31.Rd1 Rc2 32.Rd2 Rc1+ 33.Kg2 h6 34.Qd3 Kh8 35.Qd5 Qf6 36.Rg3 Rd1
37.Qd3 Rxd2 38.Qxd2 h5 39.Qe3 Qxb2 40.Rg5 h4 41.Rh5+ Kg8 42.Rxh4 Qe5 43.Rg4 b5
44.h4 Re8 45.Qb3+ Qe6 46.Qg3 Qe5 47.Qxe5 Rxe5 48.Kf3 Rc5 49.Kf4 Rc2 50.Ke5 Rxf2
51.Rg6 a5 52.Rb6 Ra2 53.Rxb5 Rxa3 54.Kd6 a4 55.e5 Ra1 56.e6 Rd1+ 57.Ke7 a3
58.Ra5 Ra1 59.Ke8 a2 60.e7 g6 61.h5 gxh5 62.Rg5+ Kh7 63.Rxh5+ Kg6 64.Rh2 Kf6
65.Kf8  1-0

[Event "TCh-ESP Selecciones Autonomicas"]
[Site "Gijon ESP"]
[Date "2011.05.01"]
[Round "4.4"]
[White "Oms Pallisse,J"]
[Black "Ramiro Ovejero,J"]
[Result "1-0"]
[WhiteElo "2520"]
[BlackElo "2350"]

1.d4 d5 2.c4 dxc4 3.e4 Nc6 4.Nf3 Bg4 5.d5 Ne5 6.Bf4 Ng6 7.Be3 e5 8.Bxc4 a6
9.Be2 Nf6 10.Nc3 Bd6 11.O-O O-O 12.Nd2 Bd7 13.Rc1 Qe7 14.a3 c6 15.Nc4 c5
16.a4 Nf4 17.Bxf4 exf4 18.Re1 Be5 19.Qb3 Bxc3 20.Qxc3 Qxe4 21.Bf3 Qd4 22.Qxd4 cxd4
23.Nb6 Rad8 24.Red1 Bg4 25.Bxg4 Nxg4 26.Rxd4 Ne5 27.Rc7 Rfe8 28.Kf1 f3 29.gxf3 Rd6
30.Rc8 Rxc8 31.Nxc8 Rd8 32.Nb6 Nxf3 33.Rf4 Ne5 34.Ke2 Kf8 35.Ke3 Ke7 36.Kd4 f6
37.Re4 Kf7 38.f4 Nf3+ 39.Kc5 f5 40.Re3 Nd2 41.Kd4 Ne4 42.Nc4 Nf6 43.Re5 g6
44.a5 Ng4 45.Re6 Nxh2 46.Ne5+ Kf8 47.d6 Ng4 48.Kc5 Nxe5 49.fxe5 Rd7 50.Rf6+ Kg7
51.e6 Rd8 52.Rf7+  1-0

[Event "Ostravsky Konik A"]
[Site "Ostrava CZE"]
[Date "2011.05.01"]
[Round "2.7"]
[White "Matuszewski,Mi"]
[Black "Mitscherling,A"]
[Result "1-0"]
[WhiteElo "2384"]
[BlackElo "2227"]

1.d4 d5 2.c4 dxc4 3.e4 e5 4.Nf3 exd4 5.Bxc4 Bb4+ 6.Nbd2 Nc6 7.O-O Nf6 8.e5 Nd5
9.h3 O-O 10.Ne4 Bf5 11.Ng3 Be6 12.Bd3 Be7 13.a3 f5 14.Qc2 Qd7 15.Ne2 Nb6
16.b4 Rad8 17.b5 Na5 18.Nexd4 c5 19.bxc6 Nxc6 20.Nxe6 Qxe6 21.Re1 Rd5 22.Be3 Kh8
23.Qa2 Qd7 24.Bc2 Nxe5 25.Bxb6 Nxf3+ 26.gxf3 Rd6 27.Be3 Rg6+ 28.Kf1 Qb5+
29.Re2 Rff6 30.Qb3 Qe5 31.Rc1 Qh2 32.Ke1 Rd6 33.Bd3 Rc6 34.Rc4 Rxc4 35.Bxc4 Rg1+
36.Kd2 Qd6+ 37.Qd3 Qf6 38.Qd4 Qc6 39.Qd5 Qc8 40.Bd4 Bxa3 41.Qf7  1-0

[Event "29th Metz Open A"]
[Site "Longeville-les-Metz FRA"]
[Date "2011.05.05"]
[Round "5.1"]
[White "Malakhatko,V"]
[Black "Solodovnichenko,Y"]
[Result "1/2-1/2"]
[WhiteElo "2546"]
[BlackElo "2574"]

1.d4 d5 2.c4 dxc4 3.e4 e5 4.Nf3 exd4 5.Bxc4 Nc6 6.O-O Be6 7.Bb5 Bc5 8.b4 Bb6
9.a4 a6 10.Bxc6+ bxc6 11.a5 Ba7 12.Bb2 Nf6 13.Bxd4 Nxe4 14.Bxa7 Qxd1 15.Rxd1 Rxa7
16.Ne5 Bd5 17.f3 Nf6 18.Nc3 O-O 19.Nxd5 cxd5 20.Nc6 Rb7 21.Ne7+ Kh8 22.Nxd5 Nxd5
23.Rxd5 Rxb4 24.Rc1 Rb7 25.Rc6 g6 26.Rxa6 Re8 27.Rd2 Re1+ 28.Kf2 Ra1 29.Rc2 Kg7
30.Rac6 Rxa5 31.Rxc7 Rxc7 32.Rxc7  1/2-1/2

[Event "ch-UKR semi-final"]
[Site "Alushta UKR"]
[Date "2011.05.11"]
[Round "9.9"]
[White "Iljin,T"]
[Black "Galinsky,T"]
[Result "0-1"]
[WhiteElo "2494"]
[BlackElo "2418"]

1.d4 d5 2.c4 dxc4 3.e4 Nf6 4.e5 Nd5 5.Bxc4 Nb6 6.Bb3 Nc6 7.Ne2 Bf5 8.Nbc3 e6
9.Be3 Qd7 10.O-O O-O-O 11.a3 Be7 12.Qc1 Kb8 13.Rd1 Na5 14.Ba2 Nac4 15.Ng3 Bg6
16.Nge4 Bxe4 17.Nxe4 Qc6 18.Nd2 Nxe3 19.fxe3 Bg5 20.Kf2 Qxc1 21.Raxc1 Nd5
22.Bxd5 Rxd5 23.Nf3 Be7 24.e4 Rd7 25.Rc3 Rhd8 26.Rcd3 c6 27.b4 Kc7 28.g4 h6
29.h4 a5 30.bxa5 Ra8 31.d5 Bc5+ 32.Ke2 exd5 33.exd5 Rxd5 34.Rxd5 cxd5 35.Rxd5 Kc6
36.Rd3 Rxa5 37.Nd4+ Bxd4 38.Rxd4 Rxe5+ 39.Kf3 Rd5 40.Rc4+ Rc5 41.Ra4 Kd5
42.Ra7 Rc3+ 43.Kf4 Rb3 44.a4 Ke6 45.g5 Rb4+ 46.Kg3 hxg5 47.hxg5 Kf5 48.a5 Kg6
49.Kh3 Rb5 50.Kh4 Rxg5 51.a6 bxa6 52.Rxa6+ f6 53.Ra4 Re5 54.Kg4 f5+ 55.Kf3 Kg5
56.Rb4 Ra5 57.Rc4 Ra3+ 58.Kf2 g6 59.Kg2 f4 60.Rc5+ Kg4 61.Rc6 g5 62.Rc2 f3+
63.Kf2 Ra4 64.Rb2 Re4 65.Rb5 Kf4 66.Rb2 Re2+  0-1

[Event "ch-Euro Indiv Women"]
[Site "Tbilisi GEO"]
[Date "2011.05.13"]
[Round "7"]
[White "Alexanian,N"]
[Black "Khomeriki,N"]
[Result "1/2-1/2"]
[WhiteElo "2141"]
[BlackElo "1832"]

1.d4 d5 2.c4 dxc4 3.e4 e5 4.Nf3 exd4 5.Bxc4 Bb4+ 6.Nbd2 Qe7 7.O-O Nc6 8.Nb3 Bg4
9.Nbxd4 Ne5 10.Be2 Nxf3+ 11.Bxf3 Bxf3 12.Qxf3 Qf6 13.Nf5 Bd6 14.Bd2 Ne7 15.Bc3 Be5
16.Bb4 Nxf5 17.exf5 Qh4 18.h3 Qxb4 19.Rfe1 f6 20.Qd5 Rd8 21.Qe6+ Kf8 22.Rad1 Re8
23.Qd7 Bh2+ 24.Kf1 Qc4+ 25.Rd3 Rxe1+ 26.Kxe1 Qb4+ 27.Kf1 Bd6 28.Qd8+ Kf7
29.Qd7+ Be7 30.Qe6+ Ke8 31.Qc8+ Kf7 32.Qe6+ Ke8 33.Qc8+ Kf7 34.Qe6+  1/2-1/2

[Event "ch-KAZ 2011"]
[Site "Astana KAZ"]
[Date "2011.05.18"]
[Round "4"]
[White "Jumabayev,R"]
[Black "Ismagambetov,An"]
[Result "1-0"]
[WhiteElo "2558"]
[BlackElo "2500"]

1.d4 d5 2.c4 dxc4 3.e4 Nf6 4.e5 Nd5 5.Bxc4 Nb6 6.Bd3 Nc6 7.Ne2 Be6 8.Nbc3 Qd7
9.Be4 O-O-O 10.Be3 Bc4 11.b3 Ba6 12.a3 f5 13.exf6 exf6 14.Qc2 g6 15.O-O f5
16.Bf3 Bg7 17.Rfd1 Bxe2 18.Nxe2 Nd5 19.Bg5 Rde8 20.Qc5 h6 21.Bf4 Nb6 22.Rac1 Bf8
23.Bxc6 bxc6 24.Qa5 Kb8 25.Be5 Rg8 26.Nf4 Bd6 27.Nd3 Kb7 28.Rc5 Ka8 29.Rc2 Qf7
30.Nb4 Bxb4 31.axb4 Rb8 32.Rxc6 Rb7 33.Rdc1 Qxb3 34.h4 Nd5 35.R6c5 Qb2 36.R5c2 Qb3
37.Rc5 Qb2 38.Bxc7 Rc8 39.R5c2 Rcxc7 40.Rxb2 Rxc1+ 41.Kh2 Rd7 42.Re2 Nc7
43.Ra2 Nd5 44.Qa6 Nxb4 45.Qxg6 Rcc7 46.Ra4 Nd5 47.Qxf5 Kb7 48.Ra5 Nb6 49.Qe4+ Kb8
50.Rc5 Rd6 51.Qe5 Rcd7 52.Rc6 Nc8 53.g4 Kb7 54.Rxd6  1-0

[Event "20th Croatian Cup"]
[Site "Sibenik CRO"]
[Date "2011.05.19"]
[Round "2.41"]
[White "Franic,M"]
[Black "Sulava,N"]
[Result "1/2-1/2"]
[WhiteElo "2381"]
[BlackElo "2554"]

1.d4 d5 2.c4 dxc4 3.e4 b5 4.a4 c6 5.b3 e5 6.Nf3 Nf6 7.bxc4 Nxe4 8.Bd3 Bb4+
9.Kf1 f5 10.Qb3 a5 11.cxb5 exd4 12.Bc4 Qe7 13.h4 Nd7 14.Bg5 Nxg5 15.hxg5 Nc5
16.Qa2 Be6 17.Nbd2 O-O-O 18.bxc6 Rhe8 19.Rxh7 d3 20.Kg1 Ne4 21.Rc1 Nc3 22.Rxc3 Bxc3
23.Qb3 Bb4 24.Rxg7 Qxg7 25.Bxe6+ Kc7 26.Bxf5 Qa1+ 27.Kh2 Rh8+ 28.Kg3 Qg7
29.Ne4 d2 30.Nc5 Rhe8 31.Na6+ Kd6 32.Nxb4 axb4 33.Qxb4+ Kxc6 34.a5 d1=Q 35.Qb6+ Kd5
36.Qb5+ Kd6 37.Qb4+ Kd5 38.Qb5+ Kd6  1/2-1/2

[Event "20th Croatian Cup"]
[Site "Sibenik CRO"]
[Date "2011.05.22"]
[Round "6.122"]
[White "Belani,M"]
[Black "Medancic,R"]
[Result "0-1"]
[WhiteElo "2107"]
[BlackElo "2259"]

1.d4 d5 2.c4 dxc4 3.e4 Nc6 4.d5 Ne5 5.f4 Nd3+ 6.Bxd3 cxd3 7.Qxd3 Nf6 8.Nc3 e6
9.Qb5+ Qd7 10.dxe6 fxe6 11.Qe2 a6 12.Nf3 c5 13.O-O Be7 14.e5 Nd5 15.Ne4 O-O
16.Nfg5 h6 17.Nh3 Qe8 18.b3 Qg6 19.Bb2 Bd7 20.a4 Bc6 21.Nc3 Ne3 22.Rf2 Nf5
23.Nd1 Rad8 24.Ne3 Bh4 25.Nxf5 Bxf2+ 26.Qxf2 Qxf5  0-1

[Event "XXX Zalakaros Open"]
[Site "Zalakaros HUN"]
[Date "2011.05.22"]
[Round "3"]
[White "Fodor,T jr"]
[Black "Varga,Zo"]
[Result "0-1"]
[WhiteElo "2450"]
[BlackElo "2457"]

1.d4 d5 2.c4 dxc4 3.e4 Nf6 4.e5 Nd5 5.Bxc4 Nb6 6.Bd3 Nc6 7.Ne2 Bg4 8.f3 Bh5
9.Nbc3 e6 10.Be4 Bg6 11.O-O Qd7 12.Bg5 Bxe4 13.fxe4 h6 14.Bh4 Be7 15.Bf2 O-O
16.b3 Rad8 17.Qc2 Nb4 18.Qb1 a5 19.Be3 c5 20.dxc5 Qd3 21.Bf2 Qxb1 22.Rfxb1 Nd7
23.a3 Nd3 24.b4 N7xe5 25.Ra2 Nc4 26.Bg3 Nxa3 27.Rxa3 axb4 28.Ra2 Bxc5+ 29.Kh1 bxc3
30.Nxc3 Rd7  0-1

[Event "1st Alimini Village Open"]
[Site "Alimini ITA"]
[Date "2011.05.24"]
[Round "4"]
[White "Lanzani,G"]
[Black "Navarro Lopez Menchero,D"]
[Result "0-1"]
[WhiteElo "1970"]
[BlackElo "2131"]

1.d4 d5 2.c4 dxc4 3.e4 Nc6 4.Be3 e5 5.d5 Nb8 6.Bxc4 a6 7.a4 Nf6 8.Nc3 Bb4
9.Qc2 Nbd7 10.Nf3 Qe7 11.O-O Nc5 12.Rac1 h6 13.Bxc5 Bxc5 14.Bd3 Bd6 15.Nd2 Nh5
16.Nc4 O-O 17.Nxd6 cxd6 18.Ne2 Qg5 19.Kh1 Nf6 20.Ng3 h5 21.Rg1 Bd7 22.Qb3 Ng4
23.Qc2 Rac8 24.f4 Rxc2  0-1

[Event "3rd Limpedea Cup"]
[Site "Baia Sprie ROU"]
[Date "2011.05.25"]
[Round "3"]
[White "Shishkin,Va UKR"]
[Black "Semcesen,D"]
[Result "1/2-1/2"]
[WhiteElo "2474"]
[BlackElo "2472"]

1.d4 d5 2.c4 dxc4 3.e4 Nf6 4.e5 Nd5 5.Bxc4 Nb6 6.Bd3 Nc6 7.Ne2 Bg4 8.f3 Be6
9.Nbc3 Qd7 10.Be4 O-O-O 11.Be3 Bd5 12.O-O e6 13.Bf2 Kb8 14.a3 Be7 15.Qc2 f5
16.Nxd5 Nxd5 17.Bxd5 exd5 18.b4 g5 19.Rfc1 f4 20.Be1 Rc8 21.b5 Nd8 22.a4 Ne6
23.Qd3 h5 24.a5 Rhg8 25.Bd2 Rcf8 26.a6 b6 27.Kh1 g4 28.Rf1 Bg5 29.Rac1 Rf7
30.Rc6 Rgg7  1/2-1/2

[Event "XXX Zalakaros Open"]
[Site "Zalakaros HUN"]
[Date "2011.05.27"]
[Round "8"]
[White "Rezsek,G"]
[Black "Jentsch,D"]
[Result "0-1"]
[WhiteElo "2004"]
[BlackElo "2180"]

1.d4 d5 2.c4 dxc4 3.e4 e5 4.d5 f5 5.Bxc4 Nf6 6.Nc3 Bd6 7.exf5 Bxf5 8.Nge2 Nbd7
9.Ng3 Bg6 10.h4 O-O 11.h5 Bf7 12.Nf5 Nb6 13.Bb3 Bb4 14.Bg5 Bxd5 15.Bxf6 Rxf6
16.Qg4 Qf8 17.Bxd5+ Nxd5 18.Qc4 c6 19.g4 b5 20.Qb3 Qc5 21.O-O-O Bxc3 22.bxc3 Kf8
23.Rh3 Qxf2 24.Rhd3 Qf4+ 25.Kb1 Qxg4 26.Ne3 Qe4  0-1

[Event "1st Alimini Village Open"]
[Site "Alimini ITA"]
[Date "2011.05.28"]
[Round "9"]
[White "La Manna,A"]
[Black "Navarro Lopez Menchero,D"]
[Result "1/2-1/2"]
[WhiteElo "2199"]
[BlackElo "2131"]

1.d4 d5 2.c4 dxc4 3.e4 Nc6 4.Nf3 Bg4 5.Bxc4 e6 6.d5 Bxf3 7.Qxf3 Ne5 8.Bb5+ c6
9.Qc3 cxb5 10.Qxe5 Rc8 11.O-O Qf6 12.Bf4 Qxe5 13.Bxe5 f6 14.Bd4 exd5 15.Nc3 dxe4
16.Nxe4 Nh6 17.Bxa7 Be7 18.Rac1 Kf7 19.Bc5 Rhd8 20.Bb6 Rxc1 21.Rxc1 Rd7 22.Kf1 Nf5
23.Rc7 Rxc7 24.Bxc7 Ke6 25.Ke2 Nd4+ 26.Kd3 Nc6 27.a3 b4 28.a4 f5 29.Nd2 Kd5
30.Nc4 Bc5 31.f3 g6 32.Bb6 Ne5+ 33.Nxe5 Bxb6 34.Nc4 Bd4 35.b3 f4 36.Na5 b6
37.Nc6 Bc5 38.Nd8 Be7 39.Nf7 h5 40.Nh8 g5 41.Ng6 Bd6 42.h4 gxh4 43.Nxh4 Ke5
44.Kc4 Bc7 45.Kd3 Bd6 46.Kc4 Bc7 47.Kd3  1/2-1/2

[Event "TCh-SLO"]
[Site "Ljubljana SLO"]
[Date "2011.05.29"]
[Round "3"]
[White "Doric,D"]
[Black "Mikac,M"]
[Result "1-0"]
[WhiteElo "2456"]
[BlackElo "2386"]

1.d4 d5 2.c4 dxc4 3.e4 e5 4.Nf3 Bb4+ 5.Bd2 Bxd2+ 6.Qxd2 exd4 7.Qxd4 Nf6 8.Qxd8+ Kxd8
9.Nc3 Be6 10.Nd4 Nc6 11.Nxc6+ bxc6 12.f4 Ke7 13.f5 Bc8 14.Bxc4 Ng4 15.Be2 Ne5
16.Na4 Rd8 17.Kf2 a5 18.Rhd1 Rd6 19.Nc5 a4 20.Ke3 Ra5 21.Rdc1 Nd7 22.Nxd7 Bxd7
23.b4 axb3 24.axb3 Re5 25.Kf4 f6 26.g4 Rd2 27.Ke3 Rb2 28.Rcb1 Rxb1 29.Rxb1 g6
30.Kf3 c5 31.Bd3 Bc6 32.Kf4 g5+ 33.Ke3 Kd6 34.h4 gxh4 35.Rh1 Re7 36.Kf4 Rg7
37.Rxh4  1-0

[Event "3rd Limpedea Cup"]
[Site "Baia Sprie ROU"]
[Date "2011.05.30"]
[Round "8"]
[White "Shishkin,Va UKR"]
[Black "Szabo,G ROM"]
[Result "1/2-1/2"]
[WhiteElo "2474"]
[BlackElo "2545"]

1.d4 d5 2.c4 dxc4 3.e4 e5 4.Nf3 exd4 5.Bxc4 Bb4+ 6.Nbd2 Nc6 7.O-O Nf6 8.e5 Nd5
9.Nb3 Nb6 10.Bg5 Be7 11.Bxe7 Qxe7 12.Bb5 Bd7 13.Bxc6 Bxc6 14.Nfxd4 Bd5 15.Qg4 g6
16.f4 c5 17.Nb5 O-O 18.Nc3 Rad8 19.Rad1 Bc4 20.Rxd8 Rxd8 21.Rd1 Be6 22.Qe2 Bc4
23.Qg4 Be6 24.Qe2 Bc4 25.Qg4 Be6  1/2-1/2

[Event "TCh-FRA Top 12 2011"]
[Site "Mulhouse FRA"]
[Date "2011.06.01"]
[Round "7"]
[White "Cornette,M"]
[Black "Kallai,G"]
[Result "1-0"]
[WhiteElo "2562"]
[BlackElo "2460"]

1.d4 d5 2.c4 dxc4 3.e4 e5 4.Nf3 Nf6 5.Bxc4 Bb4+ 6.Nc3 exd4 7.Nxd4 Bxc3+ 8.bxc3 Nxe4
9.Ba3 Nd6 10.Qe2+ Qe7 11.Qxe7+ Kxe7 12.O-O-O a6 13.Rhe1+ Kf6 14.Bxd6 cxd6
15.Rd3 Bg4 16.h3 Nd7 17.hxg4 Ne5 18.Rxe5 Kxe5 19.Re3+ Kf4 20.Bxf7 Kxg4 21.Rg3+ Kf4
22.Rf3+  1-0

[Event "6th Metropolitan Invitational"]
[Site "Los Angeles USA"]
[Date "2011.06.04"]
[Round "6"]
[White "Wang,Ph"]
[Black "Gupta,Ank"]
[Result "1/2-1/2"]
[WhiteElo "2350"]
[BlackElo "2273"]

1.d4 d5 2.c4 dxc4 3.e4 e5 4.Nf3 exd4 5.Bxc4 Nc6 6.O-O Be6 7.Bb5 Bc5 8.b4 Bb6
9.a4 a6 10.Bxc6+ bxc6 11.a5 Ba7 12.Bb2 Qd6 13.Qd2 Rd8 14.Na3 Nh6 15.Rac1 Ng4
16.Nc4 Bxc4 17.Rxc4 O-O 18.Qg5 Qe6 19.Bxd4 Rxd4 20.Rxd4 Nxh2  1/2-1/2

[Event "TCh-FRA Top 12 2011"]
[Site "Mulhouse FRA"]
[Date "2011.06.05"]
[Round "11"]
[White "Miton,K"]
[Black "Nisipeanu,LD"]
[Result "1-0"]
[WhiteElo "2619"]
[BlackElo "2659"]

1.d4 d5 2.c4 dxc4 3.e4 e5 4.Nf3 exd4 5.Bxc4 Nc6 6.O-O Be6 7.Nbd2 Bxc4 8.Nxc4 Nf6
9.Qb3 b6 10.Nce5 Nxe5 11.Nxe5 Qe7 12.Qb5+ Nd7 13.Qd5 Rc8 14.Nc6 Qc5 15.Nxa7 Rb8
16.Bf4 Bd6 17.Bxd6 cxd6 18.Nc6 Ra8 19.Nxd4 Qxd5 20.exd5 Nf6 21.Nb5 Kd7 22.Nc3 Ra5
23.Rad1 Rc5 24.Rd4 b5 25.Rfd1 Rb8 26.Rb4 Rc4 27.Rxc4 bxc4 28.Rd2 Ng4 29.f4 f5
30.h3 Nf6 31.Kf2 h5 32.Ke3 Re8+ 33.Kd4 Re1 34.Kxc4 Rf1 35.a4 Rxf4+ 36.Kb5 g5
37.a5 Ne4 38.Nxe4 Rxe4 39.Rc2  1-0

[Event "TCh-BIH 2011"]
[Site "Neum BIH"]
[Date "2011.06.09"]
[Round "6.3"]
[White "Djurovic,G"]
[Black "Stevic,H"]
[Result "1/2-1/2"]
[WhiteElo "2371"]
[BlackElo "2623"]

1.d4 d5 2.c4 dxc4 3.e4 Nc6 4.Nf3 Bg4 5.d5 Ne5 6.Nbd2 e6 7.Qa4+ Qd7 8.Qxd7+ Nxd7
9.dxe6 Bxe6 10.Nd4 Ne5 11.Nxe6 fxe6 12.Nxc4 Bb4+ 13.Bd2 Bxd2+ 14.Kxd2 Rd8+
15.Kc3 Nxc4 16.Bxc4 Nf6 17.f3 e5 18.b4 Ke7 19.Rad1 c6 20.a4 Rhf8 21.Be2 Rd6
22.Rxd6 Kxd6 23.Rd1+ Kc7 24.g3 Ne8 25.Kd2 Nd6 26.Ke3 a5 27.bxa5 Ra8 28.a6 bxa6
29.Rb1 a5 30.Rc1 Kb6 31.Rb1+ Kc7 32.Rc1 Kb6 33.Rb1+ Kc7 34.Rc1  1/2-1/2

[Event "Zonal 3.4 Men"]
[Site "Tashkent UZB"]
[Date "2011.06.10"]
[Round "3.2"]
[White "Kazhgaleyev,M"]
[Black "Khamrakulov,D"]
[Result "1/2-1/2"]
[WhiteElo "2618"]
[BlackElo "2490"]

1.d4 d5 2.c4 dxc4 3.e4 e5 4.Nf3 exd4 5.Nxd4 Bc5 6.Be3 Nc6 7.Nxc6 Qxd1+ 8.Kxd1 Bxe3
9.fxe3 bxc6 10.Bxc4 Nf6 11.Nd2 Ng4 12.Ke2 Ne5 13.Rac1 Ke7 14.h3 Rd8 15.Rc2 a5
16.Rhc1 a4 17.Rc3 Rb8 18.R1c2 Rb4 19.Ke1 Bd7 20.b3 axb3 21.Bxb3 Ra8 22.Nc4 Ng6
23.Kf2 f6 24.Ke2 Ra6 25.Nb2 Ne5 26.Nd3 Nxd3 27.Kxd3 Be8 28.Rc4 Rxc4 29.Bxc4 Ra3+
30.Kd4 Kd6 31.Bb3 Ra5 32.Rd2 c5+ 33.Kc3+ Ke7 34.h4 Bc6 35.e5 fxe5 36.Rf2 Be8
37.Rf5 Kd6 38.Rf8 Ba4 39.Rf7 Bxb3 40.axb3 g6 41.Rxh7 Ra2 42.g4 Rg2 43.g5 Rg4
44.Rh6 Kd5 45.Rxg6 Rxh4 46.Rg8 Rg4 47.g6 e4 48.g7 Ke6 49.b4 cxb4+ 50.Kxb4 Kd7
51.Kc4 Ke7 52.Kd4 Kf6 53.Rc8  1/2-1/2

[Event "14th Iraklio's Open"]
[Site "Athens GRE"]
[Date "2011.06.12"]
[Round "2"]
[White "Tsiamis,K"]
[Black "Lemos,N"]
[Result "1-0"]
[WhiteElo "2277"]
[BlackElo "1979"]

1.d4 d5 2.c4 dxc4 3.e4 Nf6 4.e5 Nd5 5.Bxc4 Nb6 6.Bd3 Nc6 7.Be3 Be6 8.Nc3 Nb4
9.Be4 c6 10.Nge2 N4d5 11.O-O Nxe3 12.fxe3 Qd7 13.Nf4 Bg4 14.Qb3 g5 15.Nd3 e6
16.h3 Bh5 17.g4 Bg6 18.Nc5 Bxc5 19.dxc5 Nd5 20.Bxg6 hxg6 21.Ne4 O-O 22.Rf3 Qe7
23.Raf1 Kg7 24.Qc4 Rad8 25.b4 Rd7 26.R1f2 Qd8 27.Nd6 a5 28.a3 axb4 29.axb4 b5
30.Qf1 Qc7 31.Qe1 Qa7 32.h4 gxh4 33.e4 Nc7 34.g5 Ne8 35.Qc3 Kg8 36.Rh3 Ng7
37.Rxh4 Qa4 38.Rf1 Ra7 39.Rhf4 Nh5 40.R4f2 Qa3 41.Qxa3 Rxa3 42.Rxf7 Rxf7
43.Rxf7 Rg3+ 44.Kh2 Rxg5 45.Rc7 Rxe5 46.Rxc6 Nf6 47.Rc8+ Kg7 48.c6 Nxe4 49.Ne8+ Kf7
50.c7 Rh5+ 51.Kg2 Rh8 52.Rb8 Nf6 53.Nxf6  1-0

[Event "Voronezh FIDE Open"]
[Site "Voronezh RUS"]
[Date "2011.06.15"]
[Round "4.15"]
[White "Hudyakov,S"]
[Black "Polyansky,V"]
[Result "1-0"]
[WhiteElo "2192"]
[BlackElo "1987"]

1.d4 d5 2.c4 dxc4 3.e4 e5 4.Nf3 exd4 5.Bxc4 Bb4+ 6.Nbd2 Nc6 7.O-O Be6 8.Bxe6 fxe6
9.Nb3 Qd7 10.Nbxd4 O-O-O 11.Be3 Bc5 12.Nxc6 Qxc6 13.Qc1 Bxe3 14.Qxc6 bxc6
15.fxe3 Nf6 16.Nd4 Ng4 17.Nxe6 Rd2 18.Rad1 Rxb2 19.Rf7 Rxg2+ 20.Kxg2 Nxe3+
21.Kf3 Nxd1 22.Rxc7+ Kb8 23.Rxc6 Rc8 24.Rd6 Nc3 25.Rd2 Re8 26.Rb2+ Kc8 27.Nxg7 Rxe4
28.Nf5 Re5 29.Kg4 Re2 30.Rxe2 Nxe2 31.Kg5 Nc3 32.a3 Kd7 33.Kh6 a5 34.Nd4 Kd6
35.Kxh7 Kd5 36.Nc2 Ke4 37.h4 Nd5 38.Kg7 Ne7 39.Kf6 Nd5+ 40.Kg5 Nf4 41.Nb4 Ne6+
42.Kf6 Nf4 43.Nc6 a4 44.Nd8 Nd5+ 45.Kg5 Nf4 46.Nb7 Ne6+ 47.Kf6 Kd5 48.h5 Nf8
49.h6 Kc4 50.Nd8 Kb3 51.Kg7  1-0

[Event "Voronezh FIDE Open"]
[Site "Voronezh RUS"]
[Date "2011.06.16"]
[Round "5.52"]
[White "Kasantsev,A"]
[Black "Sychev,Victor"]
[Result "1-0"]
[WhiteElo "2109"]
[BlackElo "1715"]

1.d4 d5 2.c4 dxc4 3.e4 e5 4.Nf3 Bg4 5.Bxc4 Nf6 6.Qb3 Qe7 7.Nxe5 Qb4+ 8.Bd2 Qxb3
9.Bxb3 Bh5 10.f3 Nbd7 11.g4 Bg6 12.h4 h5 13.Nxg6 fxg6 14.e5 Ng8 15.Nc3 O-O-O
16.O-O-O c5 17.Bg5 Be7 18.Ne4 Rf8 19.Bxe7 Nxe7 20.Nd6+ Kc7 21.Nf7 Rhg8 22.d5 Nc8
23.d6+ Kb8 24.e6 Rxf7 25.exd7 Rxd7 26.Bxg8 Nxd6 27.Rd5 b6 28.Rhd1 Kc7 29.Bh7 hxg4
30.fxg4  1-0